Craigmount Teachers of 2011-2012 Quiz Stats

 Plays Quiz not verified by Sporcle

Challenge
Share
Tweet
Embed
Score 0/79 Timer 10:00
0 Plays Today
% Correct
Robert Gray
87.5%
Michael Gray
87.5%
Miss Cameron
50%
Andrew Jardine
50%
Mr Raeburn
50%
Miss Cameron
50%
Denise Blair
43.8%
John Carson
43.8%
Mr McPake
43.8%
Mr McKnight
43.8%
Miss Moore
43.8%
Janette Aspinall
37.5%
Sheila Campbell
37.5%
Dr Campbell
37.5%
Ewen Emery
37.5%
Mr Haddad
37.5%
Dr Saddler
37.5%
Mr Sherry
37.5%
mr thomas
37.5%
Jim Aitken
31.3%
Goonan
31.3%
Tom Hendrie
31.3%
Miss Maloney
31.3%
Miss MacArthur
31.3%
Mr Saddler
31.3%
Miss Thompson
31.3%
Miss Todd
31.3%
Adam McGrane
31.3%
Mr O'Donnell
31.3%
Kevin Cheyne
25%
Barbara Durie
25%
Ian Ferguson
25%
Miss Ingram
25%
Mike Irving
25%
Miss Morrison
25%
Shona Wood
25%
Mrs Morrison
25%
Miss Slight
25%
Mrs Ali
18.8%
Helen Bruce
18.8%
% Correct
Emma Dickson
18.8%
Audrey Flynn
18.8%
Murat Gullen
18.8%
Tony Hartley
18.8%
Mrs Hughes
18.8%
Mr Keeley
18.8%
Ashley Kimber
18.8%
Sam Lynch
18.8%
Steve
18.8%
Mr Sansom
18.8%
Mr Schmidt
18.8%
Mr Mackay
18.8%
Mrs Smith
18.8%
Georgraphy
12.5%
Jane Gow
12.5%
Miss Jarvis
12.5%
Dr Kelso
12.5%
Miss Lawson
12.5%
Mr Polland
12.5%
Miss Robertson
12.5%
Mrs Towns
12.5%
Mr Dawson
12.5%
Bob Laurie
12.5%
tam
12.5%
Mr Hart
12.5%
Miss Crosbie
12.5%
Norry Dingwall
6.3%
Marion Edser
6.3%
Anne Hamilton
6.3%
Mr MacAuley
6.3%
Miss Senior
6.3%
Donald
6.3%
Mr Vass
6.3%
Mrs Atkinson
0%
Stella Henzell
0%
Linda Manson
0%
Miss Paton
0%
Charlie
0%
Mr Nisbet
0%

You're not logged in!

Compare scores with friends on all Sporcle quizzes.
Join for Free
OR
Log In

You Might Also Like...

Show Comments

Extras

Created Mar 5, 2012ReportNominate
Tags:teacher

Top Quizzes Today


Score Distribution

Your Account Isn't Verified!

In order to create a playlist on Sporcle, you need to verify the email address you used during registration. Go to your Sporcle Settings to finish the process.

Report this User

Report this user for behavior that violates our Community Guidelines.

Details: